| 000 | 00513nam a2200181Ia 4500 | ||
|---|---|---|---|
| 003 | OSt | ||
| 005 | 20201022095918.0 | ||
| 008 | 190216s9999||||xx |||||||||||||| ||und|| | ||
| 020 | _a97881250375545 | ||
| 040 | _coclc | ||
| 082 |
_a891.4608 _bDAN/P |
||
| 100 |
_aDangle, Arjun _95796 |
||
| 245 | 0 |
_aPoisoned Bread / _cArjun Dangle |
|
| 260 |
_bOrient Black Swan , _c2009. _aNew Delhi: |
||
| 300 | _a338p | ||
| 650 | _aEnglish-Essays | ||
| 942 |
_cBK _2ddc _h891.4608 _iDAN/P _k891.4608 _mDAN/P |
||
| 999 |
_c14554 _d14554 |
||